| 000 | 00642nam a22001937a 4500 | ||
|---|---|---|---|
| 005 | 20150615111837.0 | ||
| 010 | _aENG-113062 | ||
| 020 |
_a9789385160226 _c695.00 |
||
| 035 | _aEN-96594 | ||
| 037 | _bDBAD/PUB | ||
| 082 | _a920 | ||
| 245 |
_aBharat Ratna Pt. Madan Mohan Malviya / _cedited by Harsharan Singh |
||
| 260 |
_aNew Delhi _bLenin Media _c2015 |
||
| 270 |
_a204-205, IInd Floor, Durga Complex Centre Shoping Complex Mayur Vihar, Phase-II _bNew Delhi _e110091 |
||
| 300 |
_a256p. _c22cm(Hb) |
||
| 500 | _aIncludes bibliographical references and index | ||
| 700 | _aHarsharan Singh | ||
| 942 |
_2ddc _cEN _mMAL _h920 |
||
| 999 |
_c93646 _d93646 |
||